Anagrammes personnages Disney #3 - Statistiques

Statistiques générales
  • Ce quiz a été pris 571 fois
  • Le résultat moyen est 12 sur 20
Statistiques - réponses
Anagrammes Réponses % Correct
CTELOCHET Clochette
98%
SESBANTIE Sebastien
88%
AINAT Tiana
80%
NOIRB SED SIBO Robin des Bois
78%
QUOIDAMSO Quasimodo
76%
LOABO Baloo
74%
ROUGIT Tigrou
74%
JAVETOT Javotte
72%
OGONP Pongo
71%
CHTITS Stitch
71%
PANNAP Panpan
67%
DOING Dingo
65%
MENAJIS Jasmine
63%
IMUA Maui
62%
ZOUCK Kuzco
61%
MINOT Timon
59%
BLEIRAM MAGRIALD Mirabel Madrigal
52%
SORMBITOL Stromboli
15%
BACLERALLE Clarabelle
13%
GRATINA Ratigan
7%
Aucun quiz correspondant
Distribution des résultats
% des personnes avec chaque résultat
Percentile par nombre de réponses
Votre historique - résultats
Vous n’avez pas pris ce quiz